Traité théorique et pratique du droit pénal francais

সংরক্ষণ করুন:
গ্রন্থ-পঞ্জীর বিবরন
প্রধান লেখক: Garraud, R (Author)
বিন্যাস: গ্রন্থ
ভাষা:ফরাসি
প্রকাশিত: París Librairie de la Société du Recueil Général des Lois et des Arréts 1898
সংস্করন:2a. ed
বিষয়গুলি:
ট্যাগগুলো: ট্যাগ যুক্ত করুন
কোনো ট্যাগ নেই, প্রথমজন হিসাবে ট্যাগ করুন!

MARC

LEADER 00000nam a2200000 a 4500
001 UCS0215
003 CL-VaPUC
008 970418e18980000FR |||||||||||||||||fre|d
082 0 4 |a 345.44  |b GAR  |2 21 
100 |a Garraud, R  |e author  |9 404262 
245 1 0 |a Traité théorique et pratique du droit pénal francais 
250 |a 2a. ed 
300 |a 6 v 
942 |c BK 
945 |d 19970418 00:00:00  |a paguirre 
260 |a París  |b Librairie de la Société du Recueil Général des Lois et des Arréts  |c 1898 
650 7 |a DERECHO PENAL  |2 CL-VaPUC  |9 11 
650 0 |a Delitos  |9 224143 
650 0 |a Penas   |9 255927 
650 0 |a Pena de muerte  |9 256612 
650 0 |a Aplicación de la pena  |9 336797 
650 0 |a Penas privativas de libertad  |9 383297 
650 0 |a Atenuantes  |9 380889 
650 7 |a PARTICIPACION CRIMINAL  |2 CL-VaPUC  |9 383238 
650 0 |a CONCURSO DEL DELITO  |9 358121 
650 7 |a DELITOS CONTRA LAS PERSONAS  |2 CL-VaPUC  |9 256124 
650 0 |a Asesinatos   |9 401043 
650 7 |a HOMICIDIO  |2 CL-VaPUC  |9 336529 
650 0 |a Robo  |9 383176 
650 0 |a Delitos contra la propiedad   |9 256091 
651 0 |a Francia  |9 255157 
583 |a last modification  |c 19970418 00:00:00  |k Rodrigo Vera 
999 |c 258456  |d 258454 
952 |0 0  |1 0  |4 0  |6 345_440000000000000_GAR_1898  |7 0  |8 X  |9 282561  |a BIBDER  |b BIBDER  |d 2019-11-19  |h v.2  |i 1831968  |o 345.44 GAR 1898  |p 1831968  |r 2023-01-25  |w 2019-11-19  |y BK_X  |k DER 
952 |0 0  |1 0  |4 0  |6 345_440000000000000_GAR_1898  |7 0  |8 X  |9 282562  |a BIBDER  |b BIBDER  |d 2019-11-19  |h v.3  |i 1831976  |l 3  |m 4  |o 345.44 GAR 1898  |p 1831976  |q 2025-12-31  |r 2021-10-11  |s 2021-10-11  |w 2019-11-19  |y BK_X  |k DER 
952 |0 0  |1 0  |4 0  |6 345_440000000000000_GAR_1898  |7 0  |8 X  |9 282563  |a BIBDER  |b BIBDER  |d 2019-11-19  |h v.4  |i 1831984  |o 345.44 GAR 1898  |p 1831984  |r 2023-01-25  |w 2019-11-19  |y BK_X  |k DER 
952 |0 0  |1 0  |4 0  |6 345_440000000000000_GAR_1898  |7 0  |8 X  |9 282564  |a BIBDER  |b BIBDER  |d 2019-11-19  |h v.5  |i 1831992  |o 345.44 GAR 1898  |p 1831992  |r 2023-01-25  |w 2019-11-19  |y BK_X  |k DER 
952 |0 0  |1 0  |4 0  |6 345_440000000000000_GAR_1898  |7 0  |8 X  |9 282565  |a BIBDER  |b BIBDER  |d 2019-11-19  |h v.6  |i 183200K  |o 345.44 GAR 1898  |p 183200K  |r 2023-01-25  |w 2019-11-19  |y BK_X  |k DER